100 trò chơi dân gian Tập 2 50 trò chơi

Đã lưu trong:
Sonraí Bibleagrafaíochta
Formáid: Leabhar
Teanga:Vietnamese
Foilsithe: Tp. Hồ Chí Minh Nxb. Trẻ 2000
Eagrán:In lần thứ hai
Sraith:Tủ sách kỹ năng hoạt động thanh thiếu niên
Clibeanna: Cuir Clib Leis
Gan Chlibeanna, Bí ar an gcéad duine leis an taifead seo a chlibeáil!
Thư viện lưu trữ: Mạng thư viện Đại học Đà Nẵng
LEADER 01007nam a2200301 4500
001 000015109
003 11483
005 20120522100523.0
008 120522s2000 viesd
020 |c 10200 
041 0 |a vie 
082 |a 398.8  |b Môt 
245 1 0 |a 100 trò chơi dân gian  |n Tập 2  |p 50 trò chơi 
250 |a In lần thứ hai 
260 |a Tp. Hồ Chí Minh  |b Nxb. Trẻ  |c 2000 
300 |a 112 tr. 
490 |a Tủ sách kỹ năng hoạt động thanh thiếu niên 
773 |t Trò chơi dân gian Việt Nam  |w 11477 
OWN |a LSP 
AVA |a UDN50  |b LSP  |d 398.8 Môt  |e available  |t Error 5001 Not defined in file expand_doc_bib_avail.  |f 4  |g 0  |h N  |i 0  |k 1 
999 |a From the UDN01 
AVA |a UDN50  |b LSP  |d 398.8 Môt  |e available  |t Error 5001 Not defined in file expand_doc_bib_avail.  |f 4  |g 0  |h N  |i 0  |k 1 
TYP |a Monograph 
TYP |a Printed language 
980 |a Mạng thư viện Đại học Đà Nẵng